Property investment : principles and practice of portfolio management. (Record no. 100672)
[ view plain ]
| 000 -LEADER | |
|---|---|
| fixed length control field | 00989cam a2200253 4500 |
| 008 - FIXED-LENGTH DATA ELEMENTS--GENERAL INFORMATION | |
| fixed length control field | 000000n2000 000 0 eng u |
| 020 ## - INTERNATIONAL STANDARD BOOK NUMBER | |
| International Standard Book Number | 058231612X |
| 035 ## - SYSTEM CONTROL NUMBER | |
| System control number | (Sirsi) u107257 |
| 050 ## - LIBRARY OF CONGRESS CALL NUMBER | |
| Classification number | 332.6324 |
| 100 ## - MAIN ENTRY--PERSONAL NAME | |
| Personal name | Hoesli, Martin |
| 245 ## - TITLE STATEMENT | |
| Title | Property investment : principles and practice of portfolio management. |
| 260 ## - PUBLICATION, DISTRIBUTION, ETC. | |
| Place of publication, distribution, etc. | Harlow |
| Name of publisher, distributor, etc. | Longman |
| Date of publication, distribution, etc. | 2000 |
| 300 ## - PHYSICAL DESCRIPTION | |
| Extent | xii,288p. ; 24cm. |
| 350 ## - PRICE (NR) (BK AM CF MU VM SE) [OBSOLETE] | |
| Price | 21.99 |
| 520 ## - SUMMARY, ETC. | |
| Summary, etc. | Presents the most recent developments in property analysis and applies them to the management of property portfolios. After looking at the investment background, the authors consider pricing models and portfolio strategy and then examine property in a wider context. |
| 650 ## - SUBJECT ADDED ENTRY--TOPICAL TERM | |
| Topical term or geographic name entry element | RISK ASSESSMENT |
| 650 ## - SUBJECT ADDED ENTRY--TOPICAL TERM | |
| Topical term or geographic name entry element | PROPERTY INDICES |
| 650 ## - SUBJECT ADDED ENTRY--TOPICAL TERM | |
| Topical term or geographic name entry element | FORECASTING |
| 650 ## - SUBJECT ADDED ENTRY--TOPICAL TERM | |
| Topical term or geographic name entry element | DEPRECIATION |
| 650 ## - SUBJECT ADDED ENTRY--TOPICAL TERM | |
| Topical term or geographic name entry element | PROPERTY INVESTMENT |
| 690 ## - LOCAL SUBJECT ADDED ENTRY--TOPICAL TERM (OCLC, RLIN) | |
| Topical term or geographic name as entry element | PROPERTY-COMMERCIAL PROPERTY-COMMERCIAL PROPERTY FINANCE AND INVESTMENT |
| 700 ## - ADDED ENTRY--PERSONAL NAME | |
| Personal name | MacGregor, Bryan D. |
| 942 ## - ADDED ENTRY ELEMENTS (KOHA) | |
| Suppress in OPAC | 0 |
| Withdrawn status | Lost status | Source of classification or shelving scheme | Damaged status | Not for loan | Home library | Current library | Shelving location | Date acquired | Cost, normal purchase price | Total Checkouts | Full call number | Barcode | Date last seen | Date last checked out | Copy number | Cost, replacement price | Price effective from | Koha item type |
|---|---|---|---|---|---|---|---|---|---|---|---|---|---|---|---|---|---|---|
| Dewey Decimal Classification | London | London | Books | 21/07/2000 | 21.99 | 80 | 332.6324 HOE | 30061797 | 30/10/2023 | 04/11/2009 | 1 | 21.99 | 06/08/2019 | Book | ||||
| Missing | London | London | Missing | 21/07/2000 | 21.99 | 80 | 332.6324 HOE | 30061798 | 06/08/2019 | 01/04/2010 | 2 | 21.99 | 06/08/2019 | Book | ||||
| Missing | London | London | Missing | 03/04/2003 | 21.24 | 44 | 332.6324 HOE | 30068450 | 06/08/2019 | 15/03/2010 | 3 | 21.24 | 06/08/2019 | Book |